000 00337nam a22001457a 4500
003 SGT
020 _a938426648-5
082 _a611
_bKAB
100 _aKABRA, MAHAVEER PRASAD
245 _aHUMAN ANATOMY AND PHYSIOLOGY -I
260 _aINDIA
_bBIRLA PUB.
_c2025
300 _a228
650 _aANATOMY AND PHYSIOLOGY
942 _2ddc
_cBK
999 _c33030
_d33030